|
|
|
|
| LEADER |
01939nam a2200577 a 4500 |
| 001 |
nkc20112198355 |
| 003 |
CZ PrNK |
| 005 |
20110825104600.0 |
| 007 |
ta |
| 008 |
110620s2011 xr e 000 0 cze |
| 015 |
|
|
|a cnb002198355
|
| 020 |
|
|
|a 978-80-7195-570-2
|q (brož.)
|
| 035 |
|
|
|a (OCoLC)746837558
|
| 040 |
|
|
|a ABA001
|b cze
|
| 072 |
|
7 |
|a 27-5
|x Liturgie. Křesťanské umění a symbolika. Duchovní život
|2 Konspekt
|9 5
|
| 080 |
|
|
|a 27-184
|2 MRF
|
| 080 |
|
|
|a 17.02
|2 MRF
|
| 080 |
|
|
|a 27
|2 MRF
|
| 080 |
|
|
|a 27-145.3
|2 MRF
|
| 080 |
|
|
|a 27-423.79
|2 MRF
|
| 080 |
|
|
|a 27-584
|2 MRF
|
| 080 |
|
|
|a 27-4
|2 MRF
|
| 080 |
|
|
|a 27-277.2
|2 MRF
|
| 080 |
|
|
|a (0:82-4)
|2 MRF
|
| 100 |
1 |
|
|a Kodet, Vojtěch,
|d 1956-
|7 jn99240000476
|4 aut
|
| 245 |
1 |
0 |
|a Hledám tvou tvář /
|c Vojtěch Kodet
|
| 260 |
|
|
|a Kostelní Vydří :
|b Karmelitánské nakladatelství,
|c 2011
|
| 300 |
|
|
|a 93 s. ;
|c 17 cm
|
| 490 |
1 |
|
|a Na minutu ;
|v sv. 18
|
| 650 |
0 |
7 |
|a Bůh a člověk
|7 ph116953
|2 czenas
|
| 650 |
0 |
7 |
|a smysl života
|7 ph125718
|x křesťanské pojetí
|2 czenas
|
| 650 |
0 |
7 |
|a Boží prozřetelnost
|7 ph224038
|2 czenas
|
| 650 |
0 |
7 |
|a křesťanská láska
|7 ph122100
|2 czenas
|
| 650 |
0 |
7 |
|a duchovní život
|7 ph114375
|2 czenas
|
| 650 |
0 |
7 |
|a křesťanský život
|7 ph122132
|2 czenas
|
| 650 |
0 |
7 |
|a biblické citáty
|7 ph118853
|2 czenas
|
| 650 |
0 |
9 |
|a relations between God and man
|2 eczenas
|
| 650 |
0 |
9 |
|a sense of life
|x Christian approach
|2 eczenas
|
| 650 |
0 |
9 |
|a providence of God
|2 eczenas
|
| 650 |
0 |
9 |
|a charity
|2 eczenas
|
| 650 |
0 |
9 |
|a spiritual life
|2 eczenas
|
| 650 |
0 |
9 |
|a Christian life
|2 eczenas
|
| 650 |
0 |
9 |
|a Biblical quotations
|2 eczenas
|
| 655 |
|
7 |
|a úvahy
|7 fd134000
|2 czenas
|
| 655 |
|
9 |
|a essays
|2 eczenas
|
| 830 |
|
0 |
|a Na minutu s
|0 s
|
| 910 |
2 |
|
|a BOA001
|b 1-1269.906
|
| 990 |
|
|
|a BK
|
| 995 |
|
|
|a 01
|
| 991 |
|
|
|b 201107
|c NOV
|e n
|
| 996 |
6 |
|
|b 2610484439
|c 1-1269.906
|l MZK
|r Sklad / do 1 hodiny
|n 5
|p p.v.
|w 001192621
|u 000010
|a 1
|e BOA001
|j MZK50
|s P
|